| Tag |
First Indicator |
Second Indicator |
Subfields |
| LEADER |
00000cam a2200000 a 4500 |
| 001 |
in00002783397 |
| 005 |
20150922150521.0 |
| 008 |
100921s2011 caua b 001 0 eng |
| 010 |
|
|
|a 2010039424
|
| 020 |
|
|
|a 9780313364945 (hbk. : alk. paper)
|
| 020 |
|
|
|a 031336494X (hbk. : alk. paper)
|
| 020 |
|
|
|a 9780313364952 (ebook)
|
| 020 |
|
|
|a 0313364958 (ebook)
|
| 035 |
|
|
|a (OCoLC)ocn606787445
|
| 040 |
|
|
|a DLC
|c DLC
|d UtOrBLW
|
| 049 |
|
|
|a TXAM
|
| 050 |
0 |
0 |
|a HB887
|b .S37 2011
|
| 082 |
0 |
0 |
|a 355/.033
|2 22
|
| 100 |
1 |
|
|a Sciubba, Jennifer Dabbs.
|
| 245 |
1 |
4 |
|a The future faces of war :
|b population and national security /
|c Jennifer Dabbs Sciubba.
|
| 264 |
|
1 |
|a Santa Barbara, Calif. :
|b Praeger,
|c [2011]
|
| 264 |
|
4 |
|c ©2011
|
| 300 |
|
|
|a 233 pages :
|b illustrations ;
|c 25 cm.
|
| 336 |
|
|
|a text
|b txt
|2 rdacontent
|
| 337 |
|
|
|a unmediated
|b n
|2 rdamedia
|
| 338 |
|
|
|a volume
|b nc
|2 rdacarrier
|
| 490 |
1 |
|
|a The changing face of war
|
| 504 |
|
|
|a Includes bibliographical references and index.
|
| 505 |
0 |
|
|a A framework for demography and national security -- Youth and youthful age structures -- Population aging -- Transitional age structures -- Migration and internally displaced persons -- Urbanization and urban areas -- Other challenges of composition -- Challenges and opportunities for the 21st century.
|
| 650 |
|
0 |
|a Demographic transition
|x Political aspects.
|
| 650 |
|
0 |
|a Population
|x Political aspects.
|
| 650 |
|
0 |
|a Population geography
|x Political aspects.
|
| 650 |
|
0 |
|a National security
|x Social aspects.
|
| 650 |
|
0 |
|a Revolutions
|x Demographic aspects.
|
| 830 |
|
0 |
|a Changing face of war.
|
| 945 |
|
|
|a PromptCat
|b 108301
|
| 946 |
|
|
|a psel,stk
|
| 947 |
|
|
|a A14836012260
|
| 948 |
|
|
|a cataloged
|b h
|c 2012/11/30
|d c
|e dmitchel
|f 8:10:20 am
|
| 994 |
|
|
|a 92
|b TXA
|
| 999 |
|
|
|a MARS
|
| 999 |
f |
f |
|s 9d8f4c05-a465-32dc-a688-63d4eeac8ead
|i 28382b41-a2c6-35df-90c2-2c006b3eefcb
|t 0
|
| 952 |
f |
f |
|p ric
|a Texas A&M University
|b Rellis Campus
|c Joint Library Facility
|d Remote Storage
|t 0
|e HB887 .S37 2011
|h Library of Congress classification
|i unmediated -- volume
|m A14836012260
|
| 998 |
f |
f |
|a HB887 .S37 2011
|t 0
|l Remote Storage
|